| 000 | 00464nam a2200181Ia 4500 | ||
|---|---|---|---|
| 001 | 2996 | ||
| 005 | 20260306144848.0 | ||
| 008 | 260306t1970||||xx |||||||||||||| ||spa|| | ||
| 041 | _aESP | ||
| 082 |
_a240 _bH22 T. 2 |
||
| 100 |
_aHaring, Clarence _eAUT |
||
| 245 | 0 |
_aLa ley de Cristo: _bla teología moral expuesta a sacerdotes y seglares |
|
| 260 | _c1970 | ||
| 300 |
_a487 páginas : _c22 cm. |
||
| 650 | _aGEN | ||
| 654 | _aCHU | ||
| 942 |
_cLIB _dJUS _fJUS _2ddc _n |
||
| 999 |
_c2996 _d2996 |
||